| Tag |
First Indicator |
Second Indicator |
Subfields |
| LEADER |
00000cam a2200000Ma 4500 |
| 001 |
in00002846813 |
| 006 |
m o d |
| 007 |
cr |n||||||||| |
| 008 |
130401s2013 nyua ob 001 0 eng d |
| 005 |
20250816213117.4 |
| 020 |
|
|
|a 1283924102 (ebk)
|
| 020 |
|
|
|a 9781283924108 (ebk)
|
| 035 |
|
|
|a (OCoLC)ocn843068639
|
| 035 |
|
|
|a (NhCcYBP)ebr10642054
|
| 035 |
|
|
|a (OCoLC)843068639
|
| 037 |
|
|
|a 423660
|b MIL
|
| 040 |
|
|
|a IDEBK
|b eng
|c IDEBK
|d OCLCO
|d E7B
|d TXA
|d UtOrBLW
|
| 049 |
|
|
|a TXAM
|
| 050 |
|
4 |
|a GT3405
|b .C37 2013eb
|
| 082 |
0 |
4 |
|a 394.2
|2 23
|
| 100 |
1 |
|
|a Case, Robert.
|
| 245 |
1 |
0 |
|a Events and the environment /
|c Robert Case.
|
| 264 |
|
1 |
|a New York :
|b Routledge,
|c [2013]
|
| 264 |
|
4 |
|c ©2013
|
| 300 |
|
|
|a 1 online resource (xii, 208 pages) :
|b illustrations
|
| 336 |
|
|
|a text
|b txt
|2 rdacontent
|
| 337 |
|
|
|a computer
|b c
|2 rdamedia
|
| 338 |
|
|
|a online resource
|b cr
|2 rdacarrier
|
| 504 |
|
|
|a Includes bibliographical references and index.
|
| 520 |
|
|
|a "Many of our planet's support systems are in crisis. Climate change, resource shortages and environmental pollution threaten our economy and lifestyles. Society as a whole needs to adopt policies that can meet these challenges. The ever expanding event industry is no exception. Anyone involved in organising and managing events needs to understand the complex relationship between events and the environment so that they can implement sustainable management practices. This is the first book to provide a thorough exploration of the multi-dimensional relationships between events and the environment. It achieves this by not only critically evaluating the positive and negative impacts on the environment but also by reviewing the ways the events industry uses the environment as a resource and how the environment helps to shape events. It traces the evolution of the concepts of sustainability and sustainable development and the implementation of environmental legislation. It offers insights into how sustainable measurement practices can be incorporated into the planning, management and monitoring of events and concludes by reflecting on some of the future environmental issues that still need to be resolved within the industry. It illustrates these ideas with a wide range of case studies at a variety of scales and geographical locations on all the earth's continents. To encourage reflection on the principal themes and promote critical thinking, there are discussion questions and links to further reading in each chapter. This book is essential reading for students of Events Management."--Publisher's website.
|
| 588 |
|
|
|a Description based on print version record.
|
| 500 |
|
|
|a Electronic resource.
|
| 650 |
|
0 |
|a Special events
|x Management.
|
| 650 |
|
0 |
|a Special events
|x Environmental aspects.
|
| 655 |
|
7 |
|a Electronic books.
|2 local
|
| 710 |
2 |
|
|a ebrary, Inc.
|
| 776 |
0 |
8 |
|i Print version:
|w (DLC)2012016305
|z 0000415605954
|
| 856 |
4 |
0 |
|u https://ebookcentral.proquest.com/lib/tamucs/detail.action?docID=1105887
|y Connect to the full text of this electronic book
|t 0
|
| 948 |
|
|
|a cataloged
|b h
|c 2013/9/23
|d c
|e jlanham
|f 1:50:02 pm
|
| 994 |
|
|
|a C0
|b TXA
|
| 999 |
f |
f |
|s 2d8701d6-33a3-37f0-9bdb-53b9f8c2276b
|i fd5c70a9-2a0f-3a23-9d51-9a0fcd9667cf
|t 0
|
| 999 |
|
|
|a MARS
|
| 952 |
f |
f |
|a Texas A&M University
|b College Station
|c Electronic Resources
|d Available Online
|t 0
|e GT3405 .C37 2013eb
|h Library of Congress classification
|
| 998 |
f |
f |
|a GT3405 .C37 2013eb
|t 0
|l Available Online
|